00313nam a2200121Ia 4500008004100000041000800041082001400049100001900063245004000082260003300122300003100155365000500186240624s9999 xx 000 0 und d aeng a158.7 GOL aGOLEMAN DANIEL aWORKING WITH EMOTIONAL INTELLIGENCE c1999aNew YorkbBantam Books axli, : 467 : p. : cm. ; 17 c